| 000 | 00444nam a2200193Ia 4500 | ||
|---|---|---|---|
| 003 | OSt | ||
| 005 | 20251025093534.0 | ||
| 008 | 250729s1910 xx 000 0 und d | ||
| 020 | _a978-1023186872 | ||
| 040 | _cAL | ||
| 041 | _aeng | ||
| 082 | _a030 EB | ||
| 100 |
_aMehta Gita _9223359 |
||
| 245 | _aEncyclopedia britannica vol -III | ||
| 260 |
_aLondon _c1910 |
||
| 300 | _a992p | ||
| 650 |
_aEncyclopedia _9223360 |
||
| 942 |
_2ddc _cBED |
||
| 999 |
_c235868 _d235868 |
||